Name the Whole Weasley Family in 45 Seconds - Statistics

General Stats
  • This quiz has been taken 49 times
  • The average score is 8 of 9
Answer Stats
Hint Answer % Correct
Harry Potter's best friend Ron
100%
The youngest Ginny
97%
The older twin Fred
94%
The younger twin George
94%
The oldest child Bill
92%
The third child Percy
92%
The dad Arthur
89%
The mom Molly
89%
The second child Charlie
86%
No matching quizzes found
Score Distribution
Percent of People with Each Score
Percentile by Number Answered
Your Score History
You have not taken this quiz